| 000 | 00540nam a2200169 4500 | ||
|---|---|---|---|
| 001 | 118225 | ||
| 003 | ES-MaACL | ||
| 005 | 20230906191046.0 | ||
| 007 | t| | ||
| 008 | 070214s1934 sp r ||||1| spa d | ||
| 100 | 1 |
_aPemán, César. _990129 |
|
| 245 | 1 | 4 |
_aUna colección desconocida _b: la galería de cuadros de D. Emilio de Sola / _cCésar Pemán. |
| 260 |
_aCádiz : _bMuseo de Bellas Artes, _c1934. |
||
| 300 |
_a35 p. XXI p. de lam. ; _c26 cm. |
||
| 710 | 2 |
_aMuseo de Bellas Artes de Cádiz. _95845 |
|
| 852 |
_aES-MaACL _j1794-F-13 |
||
| 999 |
_c118225 _d118225 |
||